Score 0/12 Timer 01:00
0 Plays Today
Clue 4-Letter Word % Correct
12 inches~ FOOT ~
99.3%
Maker of the Model TFORD
94.7%
SustenanceFOOD
92.9%
36 inches~ YARD ~
91.5%
Farm structureBARN
88.2%
63,360 inches~ MILE ~
83.7%
Liver secretionBILE
82.2%
Strong stringCORD
81.6%
Hay bundleBALE
81.6%
ExposedBARE
79.6%
Long storyYARN
79.4%
King or queen, e.g.CARD
75.1%

Today's Daily Dose

Remove Ads.
Support Sporcle.
Get the best of Sporcle when you Go Orange. This ad-free experience offers more features, more stats, and more fun while also helping to support Sporcle. Thank you for becoming a member.

You're not logged in!

Compare scores with friends on all Sporcle quizzes.
OR
Log In

Show Comments

Extras

Top Quizzes Today


Score Distribution

Your Account Isn't Verified!

In order to create a playlist on Sporcle, you need to verify the email address you used during registration. Go to your Sporcle Settings to finish the process.

Report this User

Report this user for behavior that violates our Community Guidelines.

Details: